Melmon and Morelli´s clinical pharmacology (Registro nro. 1007)

Detalles MARC
000 -LEADER
fixed length control field 00680nam a2200217 a 4500
008 - CAMPO DE CONTROL (LIBRO)
fixed length control field 110916s2000 xxu||||f |||| 00| 0 eng d
020 ## - INTERNATIONAL STANDARD BOOK NUMBER
ISBN 0071054065
041 ## - CODIGO DE IDIOMA
Código de idioma del texto/pista de sonido o título separado eng
092 ## - SIGNATURA TOPOGRAFICA DEWEY LOCAL
número de clasificación 615
libristica 51
sección MEL
245 00 - TITULO PROPIAMENTE DICHO
Título Melmon and Morelli´s clinical pharmacology
Mención de responsabilidad y remanente de la transcripción de la portada Carruthers, S.
250 ## - MENCION DE EDICION
Mención de edición 4th
260 ## - PIE DE IMPRENTA
Lugar de publicación, distribución, etc Estados Unidos
Nombre de la editorial, distribuidor, etc McGraw-Hill
Fecha de publicación 2000
300 ## - DESCRIPCION FISICA
Extension 1433 p.
500 ## - NOTA GENERAL
Nota general Carruthers, S. (2000). Melmon and Morelli´s clinical pharmacology (4a ed.). Estados Unidos: McGraw-Hill.
653 ## - TÉRMINO INDIZADO - PALABRAS CLAVES
Palabra clave Farmacología
700 1# - ENTRADAS SECUNDARIAS - NOMBRE PERSONAL
Nombre personal Carruthers, S.
9 (RLIN) 1621
700 1# - ENTRADAS SECUNDARIAS - NOMBRE PERSONAL
Nombre personal Hoffman, Brian
9 (RLIN) 1622
700 1# - ENTRADAS SECUNDARIAS - NOMBRE PERSONAL
Nombre personal Melmon, Kenneth
9 (RLIN) 1623
700 1# - ENTRADAS SECUNDARIAS - NOMBRE PERSONAL
Nombre personal Nierenberg, David
9 (RLIN) 1624
942 ## - ADDED ENTRY ELEMENTS (KOHA)
Source of classification or shelving scheme Dewey Decimal Classification
Item type Libros
Existencias
Estado de retiro Existencia Fuente de clasificación Estado general Uso restringido No para prestamo Ubicación permanente ubicación actual Sala de ubicación Fecha de adquisición Total Checkouts Total Renewals Número de clasificación Código de barras Date last seen Date last borrowed Número de ejemplar Price effective from Koha tipo de elemento (item) Public note Coded location qualifier
    Dewey Decimal Classification   Restricted Access Not For Loan Biblioteca Medicina Biblioteca Medicina Circulación 16/09/2011 1 4 615 51 MEL 1043 27/02/2015 16/09/2011 ej.1 16/09/2011 Libros Baja 2017. Devuelto por la catedra Julio 2015 (Caja 14)  

UNIVERSIDAD NACIONAL DEL COMAHUE
Biblioteca de la Facultad de Ciencias Médicas
Sede Toschi: Los Arrayanes y Av. Toschi, Cipolletti  - Rio Negro
Sede Los Tordos:  Yrigoyen al 2211, Cipolletti - Rio Negro 

Teléfono: 0299 - 4774707 int 25
Contacto: biblioteca@facimed.uncoma.edu.ar
© 2011 - 2026